Histopathology: a color atlas and textbook (Record no. 31693)
[ view plain ]
| 000 -LEADER | |
|---|---|
| fixed length control field | 00720nam a2200169 a 4500 |
| 008 - FIXED-LENGTH DATA ELEMENTS--GENERAL INFORMATION | |
| fixed length control field | 110915s1996 ||||||||||||||||| || u |
| 020 ## - INTERNATIONAL STANDARD BOOK NUMBER | |
| International Standard Book Number | 0683023349 |
| 050 ## - LIBRARY OF CONGRESS CALL NUMBER | |
| Classification number | RB 33 Dam |
| 100 ## - MAIN ENTRY--PERSONAL NAME | |
| Personal name | Damjanov, Ivan |
| 245 10 - TITLE STATEMENT | |
| Title | Histopathology: a color atlas and textbook |
| Statement of responsibility, etc. | Ivan Damjanov in colaboration with Peter A. McCue; illustrations by Matthew Chansky |
| 260 ## - PUBLICATION, DISTRIBUTION, ETC. | |
| Place of publication, distribution, etc. | Baltimore, MD |
| Name of publisher, distributor, etc. | Williams and Wilkins |
| Date of publication, distribution, etc. | 1996 |
| 300 ## - PHYSICAL DESCRIPTION | |
| Extent | xx, 499.: ill. |
| 350 ## - | |
| -- | 0.00 |
| 650 ## - SUBJECT ADDED ENTRY--TOPICAL TERM | |
| Topical term or geographic name entry element | HISTOLOGY, PATHOLOGICAL--ATLASES |
| 650 #0 - SUBJECT ADDED ENTRY--TOPICAL TERM | |
| Topical term or geographic name entry element | PATHOLOGY |
| 995 ## - | |
| -- | MICHAEL CHILUFYA SATA OPEN ACCESS |
| -- | 0.00 |
| -- | 900961 |
| -- | CBU-SCHOOL OF MEDICINE LIBRARY (Ndola) |
| -- | 1 |
| -- | 0.00 |
| -- | RB 33 DAM |
| -- | 1 |
| -- | AVAILABLE |
| -- | Nov 1, 2011 |
| -- | 900961 |
| -- | Medical Library Open Access Collection |
| 999 ## - | |
| -- | 31693 |
| -- | 31693 |
| Withdrawn status | Lost status | Source of classification or shelving scheme | Damaged status | Not for loan | Permanent Location | Current Location | Shelving location | Date acquired | Total Checkouts | Full call number | Barcode | Date last seen | Price effective from | Koha item type |
|---|---|---|---|---|---|---|---|---|---|---|---|---|---|---|
| CBU-SCHOOL OF MEDICINE LIBRARY, NDOLA. | CBU-SCHOOL OF MEDICINE LIBRARY, NDOLA. | 11/30/2022 | RB 33 Dam | 900961 | 11/30/2022 | 11/30/2022 | MONOGRAPH |